[Event "Hamburg Harburg - ch Gr. C 6th"]
[Site "Hamburg"]
[Date "2008.07.18"]
[Round "1"]
[White "Smid, Arend"]
[Black "Magnussen, Helge"]
[Result "0-1"]
[WhiteElo "1984"]
[BlackElo "2012"]
[PlyCount "22"]
[EventDate "2008.07.20"]
[EventType "tourn"]
[EventRounds "5"]
[EventCountry "GER"]
[SourceDate "2008.01.01"]

1. e4 e6 2. d4 d5 3. e5 c5 4. c3 Nc6 5. Nf3 Qb6 6. Be2 Nh6 7. dxc5 Bxc5 8. O-O
Ng4 9. Qa4 Bxf2+ 10. Kh1 h5 11. h3 Bg3 0-1

[Event "Hamburg Harburg - ch Gr. C 6th"]
[Site "Hamburg"]
[Date "2008.07.18"]
[Round "1"]
[White "Homm, Marc Michael"]
[Black "Hein, Stefan"]
[Result "1/2-1/2"]
[WhiteElo "1999"]
[BlackElo "2049"]
[PlyCount "33"]
[EventDate "2008.07.20"]
[EventType "tourn"]
[EventRounds "5"]
[EventCountry "GER"]
[SourceDate "2008.01.01"]

1. f4 d5 2. b3 Nf6 3. e3 g6 4. Bb2 Bg7 5. Nf3 O-O 6. Be2 c5 7. O-O Nc6 8. Qe1
Bg4 9. d3 Nb4 10. Bd1 Re8 11. Nbd2 Nd7 12. Bxg7 Kxg7 13. a3 Nc6 14. Qh4 Bxf3
15. Bxf3 e6 16. Qxd8 Raxd8 17. c3 1/2-1/2

[Event "Hamburg Harburg - ch Gr. C 6th"]
[Site "Hamburg"]
[Date "2008.07.19"]
[Round "2"]
[White "Marx, Joschka"]
[Black "Hein, Stefan"]
[Result "1/2-1/2"]
[WhiteElo "1958"]
[BlackElo "2049"]
[PlyCount "38"]
[EventDate "2008.07.20"]
[EventType "tourn"]
[EventRounds "5"]
[EventCountry "GER"]
[SourceDate "2008.01.01"]

1. e4 c6 2. d4 d5 3. Nc3 dxe4 4. Nxe4 Bf5 5. Ng3 Bg6 6. Nf3 Nd7 7. h4 h6 8. h5
Bh7 9. Bd3 Bxd3 10. Qxd3 e6 11. Bf4 Qa5+ 12. Bd2 Bb4 13. Ne4 Bxd2+ 14. Nfxd2
Ngf6 15. Nd6+ Ke7 16. N6e4 Nxe4 17. Qxe4 Qd5 18. Qxd5 exd5 19. O-O-O Rhe8
1/2-1/2

[Event "Hamburg Harburg - ch Gr. C 6th"]
[Site "Hamburg"]
[Date "2008.07.19"]
[Round "2"]
[White "Magnussen, Helge"]
[Black "Homm, Marc Michael"]
[Result "1/2-1/2"]
[WhiteElo "2012"]
[BlackElo "1999"]
[PlyCount "45"]
[EventDate "2008.07.20"]
[EventType "tourn"]
[EventRounds "5"]
[EventCountry "GER"]
[SourceDate "2008.01.01"]

1. d4 Nf6 2. c4 g6 3. Nc3 d5 4. cxd5 Nxd5 5. e4 Nxc3 6. bxc3 Bg7 7. Bc4 O-O 8.
Ne2 c5 9. O-O cxd4 10. cxd4 Nc6 11. Be3 Bg4 12. f3 Na5 13. Bd3 Be6 14. d5 Bxa1
15. Qxa1 f6 16. Qd4 Bd7 17. e5 e6 18. Nf4 fxe5 19. Qxe5 Qf6 20. Qc7 Qd8 21. Qe5
Qf6 22. Qc7 Qd8 23. Qe5 1/2-1/2

[Event "Hamburg Harburg - ch Gr. C 6th"]
[Site "Hamburg"]
[Date "2008.07.19"]
[Round "2"]
[White "Koop, Soeren"]
[Black "Smid, Arend"]
[Result "1/2-1/2"]
[WhiteElo "1897"]
[BlackElo "1984"]
[PlyCount "90"]
[EventDate "2008.07.20"]
[EventType "tourn"]
[EventRounds "5"]
[EventCountry "GER"]
[SourceDate "2008.01.01"]

1. e4 Nf6 2. e5 Nd5 3. d4 d6 4. c4 Nb6 5. Nf3 Bg4 6. Be2 e6 7. exd6 cxd6 8. Nc3
Be7 9. O-O O-O 10. b3 Bf6 11. Bf4 Nc6 12. Rc1 Bxf3 13. Bxf3 Nxd4 14. Bxb7 Rb8
15. Be4 Rc8 16. Be3 Nc6 17. f4 Qe7 18. Qf3 Bxc3 19. Rxc3 Nb4 20. a3 d5 21. axb4
dxe4 22. Qxe4 Qxb4 23. Bd4 Qd6 24. Be5 Qc5+ 25. Bd4 Qd6 26. f5 exf5 27. Rxf5
Rfe8 28. Re5 Rxe5 29. Qxe5 Qxe5 30. Bxe5 f6 31. Bd4 Kf7 32. Kf2 Rc7 33. Ke2 Nd7
34. Re3 Rb7 35. Kd2 Ne5 36. h3 Ke6 37. g4 Kd6 38. Bxe5+ fxe5 39. Kc3 a5 40.
Rd3+ Ke6 41. Rd5 Rf7 42. Rxa5 Rf3+ 43. Kc2 Rxh3 44. Ra6+ Ke7 45. Ra5 Kd6
1/2-1/2

[Event "Hamburg Harburg - ch Gr. C 6th"]
[Site "Hamburg"]
[Date "2008.07.19"]
[Round "3"]
[White "Smid, Arend"]
[Black "Marx, Joschka"]
[Result "0-1"]
[WhiteElo "1984"]
[BlackElo "1958"]
[PlyCount "90"]
[EventDate "2008.07.20"]
[EventType "tourn"]
[EventRounds "5"]
[EventCountry "GER"]
[SourceDate "2008.01.01"]

1. e4 c5 2. Nf3 e6 3. c3 Nf6 4. e5 Nd5 5. d4 cxd4 6. cxd4 d6 7. Bc4 Nb6 8. Bb3
Bd7 9. O-O Bb5 10. Re1 d5 11. Nc3 Ba6 12. Bg5 Be7 13. Bxe7 Qxe7 14. Rc1 O-O 15.
a3 Nc6 16. Ba2 Rac8 17. Bb1 Nc4 18. Qc2 g6 19. h4 h5 20. Rcd1 Qc7 21. Qc1 Kg7
22. b3 Nb6 23. Qf4 Nd7 24. Re3 Na5 25. Bc2 b5 26. Ng5 Qb6 27. Rg3 f5 28. exf6+
Rxf6 29. Qe3 Nf8 30. Nh3 Qd6 31. Qg5 Nb7 32. Re1 Nd8 33. Ree3 Qxa3 34. Ref3
Rxf3 35. Rxf3 Rxc3 36. Qf6+ Kg8 37. Bxg6 Rxf3 38. gxf3 Qc1+ 39. Kh2 Qc7+ 40.
Nf4 Nxg6 41. Qxg6+ Kf8 42. Qf6+ Ke8 43. Kg2 Qf7 44. Qe5 Kd7 45. Nd3 Qg6+ 0-1

[Event "Hamburg Harburg - ch Gr. C 6th"]
[Site "Hamburg"]
[Date "2008.07.19"]
[Round "3"]
[White "Homm, Marc Michael"]
[Black "Koop, Soeren"]
[Result "0-1"]
[WhiteElo "1999"]
[BlackElo "1897"]
[PlyCount "84"]
[EventDate "2008.07.20"]
[EventType "tourn"]
[EventRounds "5"]
[EventCountry "GER"]
[SourceDate "2008.01.01"]

1. e4 e5 2. Nf3 Nc6 3. d4 exd4 4. Nxd4 Bc5 5. Nb3 Bb6 6. Nc3 d6 7. Nd5 Nf6 8.
Nxb6 axb6 9. f3 O-O 10. Be2 h6 11. c4 Nh5 12. O-O g5 13. g4 Ng7 14. h4 Ne6 15.
hxg5 hxg5 16. Be3 Kg7 17. Qd2 Qf6 18. Kg2 Rh8 19. a3 Bd7 20. Rh1 Rxh1 21. Rxh1
Rh8 22. Rxh8 Kxh8 23. Nc1 Kh7 24. Nd3 Ncd4 25. b4 Nxe2 26. Qxe2 Qc3 27. Qd2
Qxc4 28. Ne5 dxe5 29. Qxd7 Qe2+ 30. Bf2 Kg6 31. Kg3 Qf1 32. Be3 Qh1 33. Kf2
Qh2+ 34. Ke1 Qg2 35. Qd1 Qh1+ 36. Kd2 Qxd1+ 37. Kxd1 Nd4 38. Bxd4 exd4 39. e5
c5 40. bxc5 bxc5 41. a4 c4 42. Kd2 Kg7 0-1

[Event "Hamburg Harburg - ch Gr. C 6th"]
[Site "Hamburg"]
[Date "2008.07.19"]
[Round "3"]
[White "Hein, Stefan"]
[Black "Magnussen, Helge"]
[Result "1/2-1/2"]
[WhiteElo "2049"]
[BlackElo "2012"]
[PlyCount "48"]
[EventDate "2008.07.20"]
[EventType "tourn"]
[EventRounds "5"]
[EventCountry "GER"]
[SourceDate "2008.01.01"]

1. d4 d5 2. Nf3 Nf6 3. c4 c6 4. Nc3 e6 5. e3 Nbd7 6. Bd3 dxc4 7. Bxc4 b5 8. Bd3
Bb7 9. O-O Be7 10. Bd2 O-O 11. Rc1 a6 12. Re1 Qb6 13. e4 c5 14. e5 Nd5 15. Nxd5
Bxd5 16. Be3 Bxf3 17. Qxf3 cxd4 18. Qe4 f5 19. exf6 Nxf6 20. Bxd4 Nxe4 21. Bxb6
Ng5 22. h4 Nf7 23. Rxe6 Bf6 24. Be4 Rac8 1/2-1/2

[Event "Hamburg Harburg - ch Gr. C 6th"]
[Site "Hamburg"]
[Date "2008.07.20"]
[Round "4"]
[White "Marx, Joschka"]
[Black "Magnussen, Helge"]
[Result "0-1"]
[WhiteElo "1958"]
[BlackElo "2012"]
[PlyCount "68"]
[EventDate "2008.07.20"]
[EventType "tourn"]
[EventRounds "5"]
[EventCountry "GER"]
[SourceDate "2008.01.01"]

1. f4 g6 2. Nf3 Bg7 3. e3 Nh6 4. Be2 d6 5. O-O O-O 6. Nc3 Nd7 7. b3 e5 8. fxe5
Nxe5 9. Bb2 c5 10. Nxe5 dxe5 11. e4 Be6 12. Kh1 f5 13. Qe1 f4 14. Bc4 Bxc4 15.
bxc4 Rc8 16. Nd5 Rc6 17. Rf3 g5 18. Rd3 Qe8 19. a4 Nf7 20. Qe2 Qe6 21. Raa3 g4
22. Kg1 Ng5 23. Qf1 f3 24. Bc1 Kh8 25. g3 Nxe4 26. Re3 Nxg3 27. hxg3 f2+ 28.
Qxf2 Rxf2 29. Kxf2 Qf5+ 30. Ke2 Qxc2 31. Rac3 Qxa4 32. Re4 Rh6 33. Rxg4 Rh2+
34. Ke3 Qd1 0-1

[Event "Hamburg Harburg - ch Gr. C 6th"]
[Site "Hamburg"]
[Date "2008.07.20"]
[Round "4"]
[White "Koop, Soeren"]
[Black "Hein, Stefan"]
[Result "1-0"]
[WhiteElo "1897"]
[BlackElo "2049"]
[PlyCount "43"]
[EventDate "2008.07.20"]
[EventType "tourn"]
[EventRounds "5"]
[EventCountry "GER"]
[SourceDate "2008.01.01"]

1. e4 c5 2. Nf3 Nc6 3. d4 cxd4 4. Nxd4 e5 5. Nb5 a6 6. Nd6+ Bxd6 7. Qxd6 Qf6 8.
Qd3 Nge7 9. Be3 d5 10. exd5 Nb4 11. Qb3 Nbxd5 12. Bc5 Be6 13. c4 b6 14. cxd5
Nxd5 15. Ba3 Rc8 16. Nd2 e4 17. Bxa6 e3 18. O-O Nc7 19. Qa4+ b5 20. Bxb5+ Nxb5
21. Qxb5+ Bd7 22. Qe2 1-0

[Event "Hamburg Harburg - ch Gr. C 6th"]
[Site "Hamburg"]
[Date "2008.07.20"]
[Round "4"]
[White "Smid, Arend"]
[Black "Homm, Marc Michael"]
[Result "1-0"]
[WhiteElo "1984"]
[BlackElo "1999"]
[PlyCount "67"]
[EventDate "2008.07.20"]
[EventType "tourn"]
[EventRounds "5"]
[EventCountry "GER"]
[SourceDate "2008.01.01"]

1. e4 c5 2. Nf3 Nc6 3. Bb5 Qb6 4. a4 e6 5. O-O g6 6. Na3 Bg7 7. c3 a6 8. Bxc6
bxc6 9. Nc4 Qc7 10. e5 f6 11. d4 cxd4 12. cxd4 Ne7 13. Nd6+ Kf8 14. Re1 f5 15.
Qc2 Nd5 16. a5 Kg8 17. Ng5 h6 18. Ngf7 Rh7 19. Ra3 Bf8 20. Ne8 Qa7 21. Nfd6
Qxd4 22. Rg3 g5 23. Qe2 Bxd6 24. Nxd6 g4 25. Rd1 Qa7 26. h3 h5 27. hxg4 hxg4
28. Qd2 Bb7 29. Qg5+ Kh8 30. Qg6 Rg7 31. Qh5+ Rh7 32. Bh6 Nf4 33. Nf7+ Kg8 34.
Qg5+ 1-0

[Event "Hamburg Harburg - ch Gr. C 6th"]
[Site "Hamburg"]
[Date "2008.07.20"]
[Round "5"]
[White "Homm, Marc Michael"]
[Black "Marx, Joschka"]
[Result "0-1"]
[WhiteElo "1999"]
[BlackElo "1958"]
[PlyCount "80"]
[EventDate "2008.07.20"]
[EventType "tourn"]
[EventRounds "5"]
[EventCountry "GER"]
[SourceDate "2008.01.01"]

1. e4 c5 2. Nf3 e6 3. d4 cxd4 4. Nxd4 a6 5. Be3 Qc7 6. Be2 Nf6 7. Nd2 b5 8. O-O
Bb7 9. f3 d5 10. exd5 Nxd5 11. Bf2 Bd6 12. h3 Nc6 13. Nxc6 Bxc6 14. Ne4 Be5 15.
c3 O-O 16. Rc1 Bf4 17. Ra1 Ne3 18. Bxe3 Bxe3+ 19. Kh1 Bxe4 20. fxe4 Rad8 21.
Qe1 Ba7 22. g3 Qe5 23. Bf3 Rd3 24. Rd1 Rxd1 25. Bxd1 Rd8 26. h4 Rd3 27. Rf3 Qd6
28. Rxd3 Qxd3 29. Kg2 Be3 30. Bf3 Qc2+ 31. Qe2 Qc1 32. Kh3 g6 33. g4 Kg7 34.
Bg2 Bf4 35. Qf2 e5 36. a3 Qd1 37. Bf3 Qc1 38. Bg2 Bd2 39. g5 Bf4 40. Qb6 Qd2
0-1

[Event "Hamburg Harburg - ch Gr. C 6th"]
[Site "Hamburg"]
[Date "2008.07.20"]
[Round "5"]
[White "Hein, Stefan"]
[Black "Smid, Arend"]
[Result "1/2-1/2"]
[WhiteElo "2049"]
[BlackElo "1984"]
[PlyCount "58"]
[EventDate "2008.07.20"]
[EventType "tourn"]
[EventRounds "5"]
[EventCountry "GER"]
[SourceDate "2008.01.01"]

1. d4 Nf6 2. Bg5 Ne4 3. Bf4 e6 4. Nd2 d5 5. e3 c5 6. Bd3 Nxd2 7. Qxd2 Bd6 8.
Bxd6 Qxd6 9. dxc5 Qxc5 10. Nf3 Nc6 11. O-O e5 12. b4 Qxb4 13. Qxb4 Nxb4 14.
Nxe5 Nxd3 15. cxd3 Bf5 16. d4 f6 17. Nf3 Kd7 18. Rfc1 Rhc8 19. Nd2 Rxc1+ 20.
Rxc1 Rc8 21. Rxc8 Kxc8 22. f3 Bd3 23. e4 Bc4 24. a3 Kd7 25. Kf2 b5 26. Ke3 a5
27. Nb1 b4 28. axb4 axb4 29. Kd2 Kd6 1/2-1/2

[Event "Hamburg Harburg - ch Gr. D 6th"]
[Site "Hamburg"]
[Date "2008.07.18"]
[Round "1"]
[White "Ehrlich, Sven"]
[Black "Rudolph, Jens Erik"]
[Result "0-1"]
[WhiteElo "1945"]
[BlackElo "1956"]
[PlyCount "48"]
[EventDate "2008.07.20"]
[EventType "tourn"]
[EventRounds "5"]
[EventCountry "GER"]
[SourceDate "2008.01.01"]

1. Nf3 d5 2. c4 e6 3. g3 c5 4. Bg2 Nf6 5. O-O Nc6 6. cxd5 exd5 7. d4 Be7 8.
dxc5 Bxc5 9. Bg5 O-O 10. Nc3 d4 11. Bxf6 Qxf6 12. Ne4 Qe7 13. Nxc5 Qxc5 14. Rc1
Qb6 15. Qc2 Qa5 16. Rfd1 Rd8 17. a3 Bg4 18. h3 Be6 19. Qc5 Qa6 20. Nxd4 Nxd4
21. Rxd4 Qxe2 22. Bxb7 Rab8 23. Qc7 Rf8 24. Rc2 Rxb7 0-1

[Event "Hamburg Harburg - ch Gr. D 6th"]
[Site "Hamburg"]
[Date "2008.07.18"]
[Round "1"]
[White "Lampert, Jonas"]
[Black "Kurth, Michael"]
[Result "0-1"]
[WhiteElo "1791"]
[BlackElo "2059"]
[PlyCount "136"]
[EventDate "2008.07.20"]
[EventType "tourn"]
[EventRounds "5"]
[EventCountry "GER"]
[SourceDate "2008.01.01"]

1. e4 d5 2. exd5 Qxd5 3. Nf3 Bg4 4. Be2 Nc6 5. Nc3 Qd7 6. d3 e5 7. h3 Bf5 8.
Be3 Bb4 9. a3 Bxc3+ 10. bxc3 Nf6 11. Qd2 O-O 12. O-O Rfd8 13. Nh4 Be6 14. f4
exf4 15. Bxf4 a6 16. Rab1 b6 17. Bg5 Ne4 18. dxe4 Qxd2 19. Bxd2 Rxd2 20. Bd3
Ne5 21. Nf3 Nxf3+ 22. Rxf3 Kf8 23. Kf1 h5 24. h4 Bg4 25. Rg3 Rd1+ 26. Rxd1 Bxd1
27. Rg5 Re8 28. Rd5 Bg4 29. a4 f6 30. a5 b5 31. Rc5 Re7 32. Rc6 Bc8 33. Rc5 Bg4
34. c4 b4 35. Rc6 Bc8 36. e5 fxe5 37. c5 Bb7 38. Rxa6 e4 39. Bc4 Bxa6 40. Bxa6
Re5 41. Bb7 Rxc5 42. a6 Ra5 43. Ke2 Ra3 44. Kd2 e3+ 45. Ke2 Ke7 46. c3 b3 47.
Be4 b2 48. Kxe3 Rxc3+ 49. Kd2 Ra3 50. Kc2 Rxa6 51. Kxb2 Kf6 52. Bf3 g6 53. g4
hxg4 54. Bxg4 Ra4 55. Bd7 Rxh4 56. Kc3 Ke5 57. Be8 g5 58. Kd3 Rf4 59. Ke3 g4
60. Bc6 Rc4 61. Bb7 Rc3+ 62. Kf2 Kf4 63. Ba8 Rc2+ 64. Ke1 c6 65. Kf1 g3 66. Kg1
Kf3 67. Bxc6+ Rxc6 68. Kf1 Rc1# 0-1

[Event "Hamburg Harburg - ch Gr. D 6th"]
[Site "Hamburg"]
[Date "2008.07.19"]
[Round "2"]
[White "Simon, Christopher"]
[Black "Kurth, Michael"]
[Result "1/2-1/2"]
[WhiteElo "1910"]
[BlackElo "2059"]
[PlyCount "96"]
[EventDate "2008.07.20"]
[EventType "tourn"]
[EventRounds "5"]
[EventCountry "GER"]
[SourceDate "2008.01.01"]

1. e4 d5 2. exd5 Qxd5 3. Nc3 Qa5 4. d4 c6 5. Bd2 Nf6 6. Bc4 Bf5 7. Nf3 e6 8.
Qe2 Nbd7 9. O-O-O Qc7 10. Nh4 Bg6 11. h3 O-O-O 12. g4 Nb6 13. Be3 Bb4 14. Nb1
Bd6 15. Bd3 Nbd5 16. Bc4 Be4 17. Rhe1 Nxe3 18. fxe3 Bg3 19. Nf3 Bxe1 20. Rxe1
Bd5 21. Nc3 Bxc4 22. Qxc4 Qg3 23. Qf1 Nd5 24. Ne4 Qc7 25. Ne5 f6 26. Nd3 h5 27.
Nec5 Qe7 28. c4 Nc7 29. Nf4 hxg4 30. Ng6 Qe8 31. Nxh8 gxh3 32. Qxh3 Qxh8 33.
Qg4 f5 34. Qg6 Qh6 35. Qxh6 gxh6 36. Rh1 Rh8 37. Nd3 Kd8 38. Ne5 Rh7 39. Kd2
Ke7 40. Ke2 Kf6 41. Kf3 c5 42. Kf4 cxd4 43. exd4 h5 44. Rh3 b5 45. b3 a6 46.
Rh2 bxc4 47. bxc4 Ne8 48. Rh3 Nc7 1/2-1/2

[Event "Hamburg Harburg - ch Gr. D 6th"]
[Site "Hamburg"]
[Date "2008.07.19"]
[Round "2"]
[White "Rudolph, Jens Erik"]
[Black "Lampert, Jonas"]
[Result "0-1"]
[WhiteElo "1956"]
[BlackElo "1791"]
[PlyCount "108"]
[EventDate "2008.07.20"]
[EventType "tourn"]
[EventRounds "5"]
[EventCountry "GER"]
[SourceDate "2008.01.01"]

1. d4 Nf6 2. Nc3 d5 3. Bg5 Nbd7 4. Nf3 h6 5. Bh4 e6 6. e4 dxe4 7. Nxe4 Be7 8.
Nxf6+ Nxf6 9. Bd3 Nd5 10. Bxe7 Qxe7 11. Qd2 O-O 12. O-O c5 13. c3 Bd7 14. Ne5
cxd4 15. cxd4 Rfd8 16. a3 Be8 17. Rad1 Nc7 18. Bb1 Ba4 19. b3 Bb5 20. Qc2 f5
21. Rfe1 Nd5 22. Qc5 Qxc5 23. dxc5 Nc3 24. Rxd8+ Rxd8 25. a4 Ba6 26. c6 bxc6
27. Nxc6 Rd2 28. Nb4 Be2 29. h4 a5 30. Nc6 Rb2 31. Nd4 Bd1 32. Bd3 Rd2 33. Bc4
Rxd4 34. Bxe6+ Kf8 35. Bxf5 Rxh4 36. g3 Rd4 37. Bg6 Rd8 38. Re3 Ne2+ 39. Kf1
Nd4 40. Re5 Bxb3 41. Rxa5 Bc4+ 42. Kg1 Nf3+ 43. Kg2 Ne1+ 44. Kh2 Bd5 45. Rc5
Nf3+ 46. Kh3 Ke7 47. Rc7+ Rd7 48. Rc8 Kf6 49. Bc2 Be6+ 50. g4 h5 51. Rc6 hxg4+
52. Kg3 Nd4 53. Rc5 Nxc2 54. Rxc2 Rd3+ 0-1

[Event "Hamburg Harburg - ch Gr. D 6th"]
[Site "Hamburg"]
[Date "2008.07.19"]
[Round "2"]
[White "Bulygin, Anton"]
[Black "Ehrlich, Sven"]
[Result "1/2-1/2"]
[WhiteElo "1986"]
[BlackElo "1945"]
[PlyCount "99"]
[EventDate "2008.07.20"]
[EventType "tourn"]
[EventRounds "5"]
[EventCountry "GER"]
[SourceDate "2008.01.01"]

1. c4 g6 2. Nc3 Nf6 3. e4 d6 4. g3 Bg7 5. Bg2 O-O 6. Nge2 e5 7. d3 c6 8. O-O
Bg4 9. h3 Bxe2 10. Qxe2 Nbd7 11. f4 Nh5 12. Kh2 exf4 13. Bxf4 Nxf4 14. Rxf4 Be5
15. Rf3 h5 16. Kh1 Nc5 17. Qd2 Ne6 18. Ne2 Qb6 19. Raf1 Nd4 20. Nxd4 Bxd4 21.
h4 Qxb2 22. Qg5 Bg7 23. Bh3 Qe5 24. Qd2 b5 25. cxb5 cxb5 26. g4 d5 27. exd5
Qxd5 28. gxh5 Qxh5 29. Qf2 Qd5 30. Bg2 Rad8 31. Qxa7 Bd4 32. Qe7 Bc5 33. Qf6
Qd6 34. Qg5 Qe7 35. Qxe7 Bxe7 36. h5 Rd6 37. Rg3 g5 38. Be4 Kg7 39. Rf5 Rb6 40.
Rgf3 f6 41. Rd5 Bd6 42. Bg6 Ra8 43. Re3 Rxa2 44. Re6 Rc6 45. Re1 Rb2 46. Ra1
Be7 47. Re1 Bd6 48. Ra1 Be7 49. Bf5 Rc7 50. Bg6 1/2-1/2

[Event "Hamburg Harburg - ch Gr. D 6th"]
[Site "Hamburg"]
[Date "2008.07.19"]
[Round "3"]
[White "Ehrlich, Sven"]
[Black "Simon, Christopher"]
[Result "0-1"]
[WhiteElo "1945"]
[BlackElo "1910"]
[PlyCount "90"]
[EventDate "2008.07.20"]
[EventType "tourn"]
[EventRounds "5"]
[EventCountry "GER"]
[SourceDate "2008.01.01"]

1. Nf3 Nf6 2. c4 d6 3. d4 g6 4. g3 Bg7 5. Bg2 O-O 6. O-O Nbd7 7. Nc3 a6 8. e4
e5 9. Be3 h6 10. h3 Kh7 11. Rc1 Qe8 12. d5 Ng8 13. b4 Ne7 14. c5 f5 15. exf5
Nxf5 16. Ne4 Nf6 17. Nxf6+ Rxf6 18. cxd6 cxd6 19. Rc7 Rf7 20. Bb6 Rxc7 21. Bxc7
Bf8 22. g4 Ng7 23. Qc2 Bd7 24. Nh4 Be7 25. Nxg6 Qxg6 26. Be4 Bf5 27. Bxf5 Nxf5
28. Qxf5 Qxf5 29. gxf5 Rf8 30. b5 axb5 31. Rb1 Rxf5 32. Rxb5 Rf7 33. Rb6 Bh4
34. Rxb7 Bd8 35. Bxd8 Rxb7 36. a4 Kg6 37. Kg2 Kf5 38. f3 Kf4 39. a5 Rb2+ 40.
Kg1 Kxf3 41. Bc7 e4 42. a6 Ra2 43. Bxd6 Rxa6 44. Bb4 Ra1+ 45. Kh2 Rd1 0-1

[Event "Hamburg Harburg - ch Gr. D 6th"]
[Site "Hamburg"]
[Date "2008.07.19"]
[Round "3"]
[White "Lampert, Jonas"]
[Black "Bulygin, Anton"]
[Result "1/2-1/2"]
[WhiteElo "1791"]
[BlackElo "1986"]
[PlyCount "59"]
[EventDate "2008.07.20"]
[EventType "tourn"]
[EventRounds "5"]
[EventCountry "GER"]
[SourceDate "2008.01.01"]

1. e4 c5 2. Nf3 Nc6 3. d4 cxd4 4. Nxd4 Nf6 5. Nc3 e5 6. Ndb5 d6 7. Bg5 a6 8.
Na3 b5 9. Nd5 Be7 10. Bxf6 Bxf6 11. c3 O-O 12. Nc2 Bg5 13. a4 Rb8 14. axb5 axb5
15. Nce3 b4 16. h4 Bxe3 17. Nxe3 bxc3 18. bxc3 Ne7 19. Ra2 Qc7 20. c4 Be6 21.
Bd3 Nc6 22. Nd5 Bxd5 23. cxd5 Nd4 24. O-O Rb3 25. f4 Qc5 26. Kh1 Qc3 27. Bc2
Rb6 28. Qd3 Qc8 29. f5 f6 30. Bd1 1/2-1/2

[Event "Hamburg Harburg - ch Gr. D 6th"]
[Site "Hamburg"]
[Date "2008.07.19"]
[Round "3"]
[White "Kurth, Michael"]
[Black "Rudolph, Jens Erik"]
[Result "1/2-1/2"]
[WhiteElo "2059"]
[BlackElo "1956"]
[PlyCount "23"]
[EventDate "2008.07.20"]
[EventType "tourn"]
[EventRounds "5"]
[EventCountry "GER"]
[SourceDate "2008.01.01"]

1. e4 d5 2. exd5 Qxd5 3. Nc3 Qd8 4. Nf3 Nf6 5. Bc4 Bf5 6. d4 c6 7. Ne5 e6 8. g4
Bg6 9. h4 Be4 10. f3 Bd5 11. Bxd5 cxd5 12. Qd3 1/2-1/2

[Event "Hamburg Harburg - ch Gr. D 6th"]
[Site "Hamburg"]
[Date "2008.07.20"]
[Round "4"]
[White "Simon, Christopher"]
[Black "Rudolph, Jens Erik"]
[Result "1/2-1/2"]
[WhiteElo "1910"]
[BlackElo "1956"]
[PlyCount "52"]
[EventDate "2008.07.20"]
[EventType "tourn"]
[EventRounds "5"]
[EventCountry "GER"]
[SourceDate "2008.01.01"]

1. e4 d5 2. exd5 Qxd5 3. Nc3 Qa5 4. d4 c6 5. Bd2 Bf5 6. Bc4 e6 7. Qe2 Qb6 8.
O-O-O Nf6 9. Nf3 Nbd7 10. Nh4 Bg6 11. Nxg6 hxg6 12. Be3 Qc7 13. h3 O-O-O 14.
Qf3 Nb6 15. Bb3 Nbd5 16. Bxd5 Nxd5 17. Nxd5 exd5 18. Bf4 Bd6 19. Bxd6 Rxd6 20.
Qa3 Re6 21. g3 a6 22. Rhe1 Qd7 23. h4 Rhe8 24. Qb4 Qe7 25. Qxe7 R8xe7 26. Kd2
Kd7 1/2-1/2

[Event "Hamburg Harburg - ch Gr. D 6th"]
[Site "Hamburg"]
[Date "2008.07.20"]
[Round "4"]
[White "Bulygin, Anton"]
[Black "Kurth, Michael"]
[Result "0-1"]
[WhiteElo "1986"]
[BlackElo "2059"]
[PlyCount "114"]
[EventDate "2008.07.20"]
[EventType "tourn"]
[EventRounds "5"]
[EventCountry "GER"]
[SourceDate "2008.01.01"]

1. c4 Nf6 2. Nc3 e5 3. e4 Bb4 4. Nge2 c6 5. Qb3 Na6 6. g3 Nc5 7. Qc2 d5 8. exd5
cxd5 9. cxd5 Nxd5 10. Bg2 Nxc3 11. dxc3 Nd3+ 12. Kf1 Bc5 13. Bg5 Qxg5 14. Qxd3
O-O 15. Qb5 Bb6 16. c4 Qe7 17. h4 Bd7 18. Qb3 Qc5 19. Qe3 Qxc4 20. Qc3 Qa6 21.
Qa3 Bb5 22. Qxa6 Bxa6 23. Ke1 Rac8 24. Nc3 Bd4 25. Rc1 Rfd8 26. Be4 Rc5 27. g4
Bxc3+ 28. Rxc3 Rxc3 29. bxc3 b6 30. f3 Bd3 31. Bb7 Rd7 32. Ba8 e4 33. Rh2 e3
34. c4 Bxc4 35. Rc2 Ba6 36. Be4 h6 37. a4 g5 38. hxg5 hxg5 39. a5 e2 40. Rc1
bxa5 41. Ra1 Rc7 42. Kd2 Rc5 43. Ke3 a4 44. Kd2 Bb5 45. Bc2 Re5 46. Be4 Re8 47.
Rb1 Rd8+ 48. Ke1 a6 49. Ra1 Rc8 50. Kd2 Rd8+ 51. Ke1 Bc4 52. Bc2 Bb3 53. Bxb3
axb3 54. Kxe2 b2 55. Rb1 Rb8 56. Kd2 Kg7 57. Kc3 Kf6 0-1

[Event "Hamburg Harburg - ch Gr. D 6th"]
[Site "Hamburg"]
[Date "2008.07.20"]
[Round "4"]
[White "Ehrlich, Sven"]
[Black "Lampert, Jonas"]
[Result "1-0"]
[WhiteElo "1945"]
[BlackElo "1791"]
[PlyCount "57"]
[EventDate "2008.07.20"]
[EventType "tourn"]
[EventRounds "5"]
[EventCountry "GER"]
[SourceDate "2008.01.01"]

1. Nf3 Nf6 2. d4 g6 3. c4 Bg7 4. g3 O-O 5. Bg2 d6 6. O-O Nbd7 7. Nc3 c5 8. e4
a6 9. Qc2 Rb8 10. b3 b5 11. cxb5 axb5 12. Bb2 Qb6 13. e5 Ng4 14. Nd5 Qd8 15.
dxc5 Nxc5 16. exd6 Qxd6 17. Bxg7 Kxg7 18. Rfd1 Kg8 19. Rac1 Na6 20. Qe4 Be6 21.
Ng5 Bxd5 22. Qxg4 e6 23. Qh4 h5 24. Bxd5 exd5 25. Ne4 Qd8 26. Qxd8 Rfxd8 27.
Nf6+ Kg7 28. Nxd5 Rb6 29. Nxb6 1-0

[Event "Hamburg Harburg - ch Gr. D 6th"]
[Site "Hamburg"]
[Date "2008.07.20"]
[Round "5"]
[White "Lampert, Jonas"]
[Black "Simon, Christopher"]
[Result "1-0"]
[WhiteElo "1791"]
[BlackElo "1910"]
[PlyCount "67"]
[EventDate "2008.07.20"]
[EventType "tourn"]
[EventRounds "5"]
[EventCountry "GER"]
[SourceDate "2008.01.01"]

1. e4 c5 2. Nf3 e6 3. d4 cxd4 4. Nxd4 a6 5. Bd3 Qc7 6. O-O Nf6 7. Kh1 Nc6 8.
Nxc6 bxc6 9. c4 Bb7 10. Nc3 Bc5 11. f4 d6 12. h3 h5 13. Qe1 Rd8 14. Qg3 Ke7 15.
e5 Ne8 16. f5 dxe5 17. Ne4 Ba7 18. fxe6 f6 19. Bg5 Kxe6 20. Qf3 Rf8 21. Rae1
Bc8 22. Bb1 Qf7 23. Qf5+ Ke7 24. Qxe5+ Be6 25. Ng3 Kd7 26. Rd1+ Kc8 27. Rxd8+
Kxd8 28. Qa5+ Nc7 29. Bf4 Bb8 30. Ne4 Bxc4 31. Rd1+ Bd5 32. Nd6 Qd7 33. Bf5 Ke7
34. Bxd7 1-0

[Event "Hamburg Harburg - ch Gr. D 6th"]
[Site "Hamburg"]
[Date "2008.07.20"]
[Round "5"]
[White "Kurth, Michael"]
[Black "Ehrlich, Sven"]
[Result "1-0"]
[WhiteElo "2059"]
[BlackElo "1945"]
[PlyCount "49"]
[EventDate "2008.07.20"]
[EventType "tourn"]
[EventRounds "5"]
[EventCountry "GER"]
[SourceDate "2008.01.01"]

1. e4 e6 2. e5 d6 3. exd6 cxd6 4. Nf3 Nf6 5. d4 d5 6. Bd3 Bd6 7. O-O Qb6 8. c3
Bd7 9. a4 Nc6 10. Re1 O-O 11. Nbd2 Rac8 12. Ne5 Be8 13. Ndf3 Nd7 14. Bxh7+ Kxh7
15. Ng5+ Kg8 16. Nxd7 Bxh2+ 17. Kxh2 Qc7+ 18. Kg1 Bxd7 19. Qh5 Rfe8 20. Qxf7+
Kh8 21. Qh5+ Kg8 22. Qh7+ Kf8 23. Qh8+ Ke7 24. Qxg7+ Kd6 25. Nf7+ 1-0